00406nam a2200133 u 450000100100000000500170001000800410002704000250006808200160009310000250010924500700013426000400020430000280024400002066320200930011137.0100812s1990 dr r 001 0 spa d aDO-SdBNPbspacBPJMD axxxxbS486m1 aSerpa Uribe, Horacio10aMomoria al Congreso Nacional :b1989-1990 /cHoracio Serpa Uribe. aColombia :bMinisterio de Gobierno. a233 p. :bil. ;c24 cm.